Thơ Darwish Mahmoud /

Đã lưu trong:
書目詳細資料
主要作者: Mahmoud, Darwish.
其他作者: Diễm Châu (Dịch.)
格式: Bài viết
語言:Vietnamese
主題:
標簽: 添加標簽
沒有標簽, 成為第一個標記此記錄!
Thư viện lưu trữ: Thư viện Trường Đại học Đà Lạt
LEADER 00761nam a2200277 4500
001 DLU110115064
005 ##20110107
040 # # |a DLU  |b vie 
041 # # |a vie 
044 # # |a vn 
100 # # |a Mahmoud, Darwish. 
245 # # |a Thơ Darwish Mahmoud /  |c Darwish Mahmoud, Diễm Châu dịch. 
653 # # |a Đấu tranh 
653 # # |a Độc lập tự do 
653 # # |a Tinh thần lạc quan 
700 # # |a Diễm Châu,   |e Dịch. 
773 # # |t Thơ  |g Số 9, 2008, tr. 94-99 
920 # # |a Phòng Tạp chí -- Trung tâm Thông tin - Thư viện Trường Đại học Đà Lạt 
994 # # |a DLU 
900 # # |a True 
911 # # |a Nguyễn Thị Linh Chi 
925 # # |a G 
926 # # |a A 
927 # # |a BB 
980 # # |a Thư viện Trường Đại học Đà Lạt